Profile: Derek Shepherd Quiz Stats

Quiz not verified by Sporcle

Also try: Close-Up Simpsons
Challenge
Share
Tweet
Embed
Score 0/23 Timer 07:00
0 Plays Today
Hint Answer % Correct
First NameDerek
99.5%
Last NameShepherd
90.5%
NicknameMcDreamy
88.4%
Portrayed byPatrick Dempsey
79.6%
Name of 2nd wifeMeredith Grey
78.2%
Number of sisters4
77.7%
Best FriendMark Sloan
76.6%
Sister who shares a specialtyAmelia
74.4%
Number of children2
70.2%
Middle NameChristopher
62%
Location of proposal to second wifeelevator
59.9%
JobSurgeon
57.8%
Hint Answer % Correct
Has a 'thing' for theseFerry Boats
56.2%
Favorite ColorBlue
50.4%
Name of 1st wifeAddison Forbes Montgomery
40.7%
First episode in which he appearsA Hard Day's Night
40.1%
Final EpisodeHow to Save a Life
39.8%
Lucky LineIts a beautiful day to save lives lets have some fun
34.6%
SpecialtyNeurosurgery
28.5%
Favorite Bandthe Clash
24.4%
Favorite pastime fishing
23.4%
Favorite BookThe Sun Also Rises
8%
Drink of choiceDouble scotch single malt
5.8%

You're not logged in!

Compare scores with friends on all Sporcle quizzes.
Join for Free
OR
Log In

You Might Also Like...

Show Comments

Extras

Top Quizzes Today


Score Distribution

Your Account Isn't Verified!

In order to create a playlist on Sporcle, you need to verify the email address you used during registration. Go to your Sporcle Settings to finish the process.

Report this User

Report this user for behavior that violates our Community Guidelines.

Details: